000 00627nac a22001691u 4500
020 _a0324349289
082 _a658.4033
_bKLI
090 _c6412
_d6412
100 _aKlibanoff, Peter
245 _aHarvard business school cases to accompany Managerial statistics :
_b A case-based approach /
_cPeter Klibanoff et ...[al.]
260 _aMason, Ohio :
_bThomson South-Western,2006
_c2006
300 _a22 p. :
_bill. ;
_c26 cm.
500 _adistributer: Al-Ahram
511 _acatalogued by: wesssam
650 _aManagement
_xstatistical methods case studies
942 _cBB
_k658.4033KLI
999 _c6412
_d6412